| 000 | 00715nam a2200241Ia 4500 | ||
|---|---|---|---|
| 001 | 968 | ||
| 003 | GE_BSU | ||
| 008 | 181216s||||||||xx |||||||||||||| ||und|| | ||
| 020 | _a5891910225 | ||
| 040 | _cGE_BSU | ||
| 080 | _a81(075.8) | ||
| 100 | _aЛатышев,Л.К. | ||
| 245 | _aТехнология перевода. | ||
| 245 | _bУчебное пособие по подготовке переводчиков(с немецким языком) | ||
| 260 | _aМосква | ||
| 260 | _bНВИ-Тезаурус | ||
| 260 | _c2001 | ||
| 300 | _a280стр. | ||
| 541 | _h7л. | ||
| 653 | _aТехнология перевода. | ||
| 653 | _aთარგმნის თეორია | ||
| 942 | _cBK | ||
| 999 |
_c35127 _d35127 |
||